Os detetives do prédio azul: casos ecológicos (Record no. 195999)

MARC details
000 -LÍDER
campo de controle de tamanho fixo 01274nam a22002657a 4500
001 - NÚMERO DE CONTROLE
campo de controle 195999
005 - DATA E HORÁRIO DA ÚLTIMA TRANSAÇÃO
campo de controle 20240813151635.0
008 - CAMPO DE DADOS FIXOS--INFORMAÇÃO GERAL
campo de controle de tamanho fixo 240813b |||||||| |||| 00| 0 POR d
020 ## - ISBN - INTERNATIONAL STANDARD BOOK NUMBER
ISBN - International Standard Book Number 9786588899328
040 ## - FONTE DA CATALOGAÇÃO
Instituição que transcreveu o registro Escola Canadense de Niterói - Expansão Itacoatiara
041 ## - CÓDIGO DE IDIOMA
Código do idioma do texto/trilha sonora ou título diferente Português
100 ## - ENTRADA PRINCIPAL--NOME PESSOAL
Nome pessoal Silva, Flávia Lins e
Função do autor por extenso Author
9 (RLIN) 2094
245 ## - TÍTULO
Título Os detetives do prédio azul: casos ecológicos
250 ## - EDIÇÃO
Edição 1. ed.
260 ## - PUBLICAÇÃO, DISTRIBUIÇÃO, ETC.
Local de publicação, distribuição, etc. Rio de janeiro:
Nome do editor, distribuidor, etc. Pequena Zahar,
Data da publicação, distribuição, etc. 2022
300 ## - DESCRIÇÃO FÍSICA
Extensão 102 p. :
Outros detalhes físicos il. ;
Dimensões 14.00 X 19.00 cm (brochura)
490 ## - TÍTULO DA SÉRIE
Título da série Os detetives do prédio azul
Número do volume ou designação sequencial da série Livro 2
520 ## - NOTA DE RESUMO, ETC
Resumo, etc. Coisas muito estranhas acontecem no Prédio Azul. Ainda bem que os moradores podem contar com os imbatíveis, os invencíveis, os inseparáveis... Detetives do Prédio Azul! No quarto volume da série, Flor, Zeca e Max se reúnem para resolver mistérios envolvendo plantas e animais.Esse livro, que integra o catálogo da Pequena Zahar, é o primeiro de uma nova série de Flávia Lins e Silva, autora também da série Diário de Pilar, entre outros livros de sucesso.
690 ## - ENTRADA LOCAL DE ASSUNTO--TERMO TÓPICO (OCLC, RLIN)
Termo tópico Literatura Infantil
9 (RLIN) 448
690 ## - ENTRADA LOCAL DE ASSUNTO--TERMO TÓPICO (OCLC, RLIN)
Termo tópico Mistério
9 (RLIN) 411
690 ## - ENTRADA LOCAL DE ASSUNTO--TERMO TÓPICO (OCLC, RLIN)
Termo tópico Investigação
9 (RLIN) 346
690 ## - ENTRADA LOCAL DE ASSUNTO--TERMO TÓPICO (OCLC, RLIN)
Termo tópico Amizade
9 (RLIN) 549
690 ## - ENTRADA LOCAL DE ASSUNTO--TERMO TÓPICO (OCLC, RLIN)
Termo tópico Detetive
9 (RLIN) 2095
942 ## - ELEMENTOS DE ENTRADA ADICIONADOS (KOHA)
Fonte da classificação ou esquema de arquivamento na estante
Tipo de material Koha Livros
Ocultar no OPAC Não
Holdings
Situação do descarte Situação das perdas Fonte da classificação ou esquema de arquivamento na estante Situação física Não pode ser emprestado Coleção Biblioteca de origem Biblioteca atual Localização na estante Data de aquisição Total de empréstimos Número de chamada completo Código de barras Data de último acesso Data do preço efetivo Tipo de material Koha
          Ficção Canadian School of Niterói - Itacoatiara Canadian School of Niterói - Itacoatiara PE 3-5 - Literatura infantil 13/08/2024   SIL 9788563223449 13/08/2024 13/08/2024 Livros